| 000 | 00693nam a2200289Ia 4500 | ||
|---|---|---|---|
| 005 | 20260324122322.0 | ||
| 008 | 008 260324s9999 xx 000 0 eng d | ||
| 020 | _a9781315586564 | ||
| 037 | _aEBOOK | ||
| 040 | _aCRL | ||
| 040 | _beng | ||
| 040 | _cCRL | ||
| 041 | _2eng | ||
| 041 | _aeng | ||
| 084 | _qCRL | ||
| 100 |
_aCatherine Ella Laufer _91165988 |
||
| 245 | 0 | _aHell's Destruction | |
| 245 | 3 | _bAn Exploration of Christ’s Descent to the Dead | |
| 260 | _bTaylor and Francis | ||
| 260 | _c2013 | ||
| 365 | _a | ||
| 365 | _b240 | ||
| 856 | _uhttp://www.taylorfrancis.com/books/9781315586564 | ||
| 942 | _cEBOOK | ||
| 999 |
_c1758621 _d1758621 |
||